000 01201nam0a22002891 4500
001 rc\4543139
005 20130416183003.1
021 _aRU
_bП623-69
035 _a(NLR Aleph) 008361273
090 _a8999724
_c8999724
100 _a20130416d1968 |||y0rusy50 ca
101 0 _arus
102 _aRU
105 _aa z |||||
200 1 _aУстройство для кантовки заготовок в печи
210 _aМосква
_cБ. и.
_d1968
215 _a6 с.
_cсхем.
_d26
225 1 _aМинистерство черной металлургии СССР. Центральный научно-исследовательский институт информации и технико-экономических исследований черной металлургии. Информация
_hСерия 13
_iМеталлургические печи
_v№ 5
300 _aОтпеч. множит. аппаратом
300 _aНа обл. авт. не указан
320 _aБиблиогр.: с. 6
700 1 _aКолюбакина
_bГ. С.
801 0 _aRU
_bNLR
_gpsbo
801 1 _aRU
_bELAR
_2rusmarc
852 _aNLR
_jП52/53
942 _cBOOK
980 _aNB